Thailand : 2021 Article IV Consultation-Press Release; Staff Report; and Statement by the Executive Director for Thailand.

A nascent recovery is underway in Thailand following the COVID-19 downturn. Ample policy buffers, underpinned by judicious management of public finances, allowed the authorities to implement a multipronged package of fiscal, monetary, and financial policies to mitigate the COVID-19 impact on househo...

Повний опис

Бібліографічні деталі
Співавтор: International Monetary Fund. Asia and Pacific Dept
Формат: Журнал
Мова:English
Опубліковано: Washington, D.C. : International Monetary Fund, 2021.
Серія:IMF Staff Country Reports; Country Report ; No. 2021/097
Предмети:
Онлайн доступ:Full text available on IMF
LEADER 01931cas a2200301 a 4500
001 AALejournalIMF021607
008 230101c9999 xx r poo 0 0eng d
020 |c 5.00 USD 
020 |z 9781513573021 
022 |a 1934-7685 
040 |a BD-DhAAL  |c BD-DhAAL 
110 2 |a International Monetary Fund.  |b Asia and Pacific Dept. 
245 1 0 |a Thailand :   |b 2021 Article IV Consultation-Press Release; Staff Report; and Statement by the Executive Director for Thailand. 
264 1 |a Washington, D.C. :  |b International Monetary Fund,  |c 2021. 
300 |a 1 online resource (104 pages) 
490 1 |a IMF Staff Country Reports 
500 |a <strong>Off-Campus Access:</strong> No User ID or Password Required 
500 |a <strong>On-Campus Access:</strong> No User ID or Password Required 
506 |a Electronic access restricted to authorized BRAC University faculty, staff and students 
520 3 |a A nascent recovery is underway in Thailand following the COVID-19 downturn. Ample policy buffers, underpinned by judicious management of public finances, allowed the authorities to implement a multipronged package of fiscal, monetary, and financial policies to mitigate the COVID-19 impact on households, businesses, and the financial system. This, together with rigorous containment measures, led to a successful flattening of the infection curve during most of 2020. Nevertheless, the pandemic has taken a large toll on the economy, potentially inducing long-term scarring and increasing inequality. 
538 |a Mode of access: Internet 
650 7 |a International Agreements  |2 imf 
650 7 |a International Organizations  |2 imf 
650 7 |a Monetary Policy  |2 imf 
650 7 |a Observance  |2 imf 
651 7 |a Thailand  |2 imf 
830 0 |a IMF Staff Country Reports; Country Report ;  |v No. 2021/097 
856 4 0 |z Full text available on IMF  |u http://elibrary.imf.org/view/journals/002/2021/097/002.2021.issue-097-en.xml  |z IMF e-Library